| 000 | 00567nam a22002057a 4500 | ||
|---|---|---|---|
| 003 | OSt | ||
| 005 | 20140310182334.0 | ||
| 008 | 130316t xxu||||| |||| 00| 0 eng d | ||
| 020 | _a0862729270 | ||
| 050 |
_aQH 48 _b.W49 1993 |
||
| 082 |
_aGS 577 _bW67 1993 |
||
| 100 |
_aWilliams, Brian _920971 |
||
| 245 |
_aThe living world / _cBrian Wiliams. |
||
| 260 |
_aNew York : _bKingfisher Books, _c1993. |
||
| 300 |
_a93 p. : _bcol. ill. ; _c27 cm. |
||
| 500 | _aIncludes index. | ||
| 650 |
_aLife _xGeneral nature. _921515 |
||
| 942 |
_2lcc _cBK-GS |
||
| 999 |
_c12039 _d12039 |
||